000 00732cam a2200241 a 4500
008
020 _a0471955426
049 _aMAIN
090 _aREF TK5102
_bHEL
100 1 _aHeld, Gilbert.
245 1 0 _aDictionary of communications technology :
_bterms, definitions, and abbreviations /
_cGilbert Held.
246 3 0 _aCommunications technology
250 _a2nd ed.
260 _aChichester :
_bJ. Wiley,
_cc1995.
300 _aviii, 501 p. :
_bill. ;
_c26 cm.
650 0 _aTelecommunication
_xDictionaries.
653 0 _aTelecommunication.
907 _a.b10072639
_b28-08-12
_c17-04-03
003
005 20230120191409.0
040 _cNUST
942 _cBOOKS
_kREF TK5102
_mHEL
999 _c100384
_d100384